000 01218nam a2200349 c 4500
003 BLK
005 20230324030312.0
008 180409b bul|||||r ||||||| ||bul||
010 _aKNG00140499000
020 _a978-954-28-1261-6
_bиздат.: Сиела Норма
040 _aBLK
041 _aBUL
_cBUL
072 7 _2bullib
_aН8301
_xТрилъри Н
080 _aАмериканска литература (на САЩ)
_b821.111(73)
_x-312.4
_z821.111(73)-312.4
100 1 _aЛумис, Грег
_eпърви автор
_9291601
700 1 _aГенчева, Цветана Тодорова
_9364265
139 _aЛумис, Грег
_bЛ 87
245 1 0 _aТайната на Бонапарт
_bРоман
_cГрег Лумис; прев. Цветана Генчева.
257 _aUSA
260 София
_bСиела Норма
_c2013
300 _a376 с.
_c21 см
380 _aX
500 _aОриг. загл. The Bonaparte Secret / Gregg Loomis.
653 _aтрилъри
653 _aромани
659 _aН
852 _aЦб 258688
856 4 _qpdf
_u
856 4 _qpdf
_u
942 _cKNG
_n0
_05
944 _aCR
_c08.03.2013
_lф /
_kЛюдмила_Стоянова
944 _aED
_c08.04.2013
_lф /
_k
999 _c134585
_d134585